|
|
|
|
| LEADER |
00984naa a2200217 i 4500 |
| 001 |
acta66713 |
| 005 |
20230601103455.0 |
| 008 |
200430s2019 hu o 1|| hun d |
| 020 |
|
|
|a 978-963-306-633-1
|
| 040 |
|
|
|a SZTE Egyetemi Kiadványok Repozitórium
|b hun
|
| 041 |
|
|
|a hun
|
| 100 |
1 |
|
|a Oláh János
|
| 245 |
1 |
0 |
|a Családimázs néhány 19-20. századi zsidó hittankönyvben
|h [elektronikus dokumentum] :
|b [absztrakt] /
|c Oláh János
|
| 260 |
|
|
|a SZTE Néprajzi és Kulturális Antropológiai Tanszék, MTA-SZTE Vallási Kultúrakutató Csoport
|b Szeged
|c 2019
|
| 300 |
|
|
|a 21-22
|
| 490 |
0 |
|
|a A család egykor és ma : programfüzet
|
| 650 |
|
4 |
|a Társadalomtudományok
|
| 650 |
|
4 |
|a Szociológia
|
| 695 |
|
|
|a Családi élet - előadáskivonat, Zsidók - 19-20. sz. előadáskivonat, Család - előadáskivonat
|
| 711 |
|
|
|a A család egykor és ma (5.)
|c Szeged
|d 2018
|
| 856 |
4 |
0 |
|u http://acta.bibl.u-szeged.hu/66713/1/2018_csalad_egykor_es_ma_absztrakt_021-022.pdf
|z Dokumentum-elérés
|